|
|
|
|
| LEADER |
00000cam a22000002cc4500 |
| 001 |
1091046786 |
| 003 |
DE-627 |
| 005 |
20240425203713.0 |
| 007 |
tu |
| 008 |
900718s1972 xx ||||| 00| ||ger c |
| 020 |
|
|
|a 3780601443
|9 3-7806-0144-3
|
| 035 |
|
|
|a (DE-627)1091046786
|
| 035 |
|
|
|a (DE-576)021046786
|
| 035 |
|
|
|a (DE-599)BSZ021046786
|
| 035 |
|
|
|a (OCoLC)179042753
|
| 040 |
|
|
|a DE-627
|b ger
|c DE-627
|e rakwb
|
| 041 |
|
|
|a ger
|
| 084 |
|
|
|a BQ 7380
|2 rvk
|0 (DE-625)rvk/15613:
|
| 245 |
0 |
0 |
|a Vorlesebuch Religion
|n 1
|c hrsg. von Dietrich Steinwede u. Sabine Ruprecht
|
| 250 |
|
|
|a 25. - 36. Tsd.
|
| 264 |
|
1 |
|a Lahr
|b Kaufmann
|c 1972
|
| 300 |
|
|
|a 384 S.
|
| 336 |
|
|
|a Text
|b txt
|2 rdacontent
|
| 337 |
|
|
|a ohne Hilfsmittel zu benutzen
|b n
|2 rdamedia
|
| 338 |
|
|
|a Band
|b nc
|2 rdacarrier
|
| 583 |
1 |
|
|a Archivierung prüfen
|c 20200919
|f DE-640
|z 2
|2 pdager
|
| 583 |
1 |
|
|a Archivierung/Langzeitarchivierung gewährleistet
|f PEBW
|h DE-31
|x XA-DE-BW
|2 pdager
|5 DE-747
|
| 601 |
|
|
|a Religion
|
| 773 |
1 |
8 |
|a Vorlesebuch Religion für Kinder von 5 - 12 [Jahren]
|w (DE-627)1086637372
|w (DE-576)016637372
|g 1
|q 1,25
|7 nnam
|
| 935 |
|
|
|a mteo
|
| 936 |
r |
v |
|a BQ 7380
|b Kirche und Gesellschaft
|k Theologie und Religionswissenschaften
|k Evangelische Praktische Theologie
|k Katechetik, Religionspädagogik, Gemeindepädagogik
|k Religionspädagogik
|k Kirche und Gesellschaft
|0 (DE-627)1272623734
|0 (DE-625)rvk/15613:
|0 (DE-576)202623734
|
| 951 |
|
|
|a MV
|
| ELC |
|
|
|b 1
|
| ORI |
|
|
|a SA-MARC-ixtheo_oa001.raw
|